[Event "1. liga V 18/19, Trinec-Hostalkova"]
[Site ""]
[Date "2019.02.17"]
[Round "8.7"]
[White "Pilch, Roman"]
[Black "Plsek, Pavel"]
[Result "1-0"]
[WhiteElo "2158"]
[BlackElo "1936"]
[PlyCount "0"]
[WhiteTeam "TZ Trinec"]
[BlackTeam "Sachy Hostalkova"]
[EventDate "2018.10.21"]

1. e4 c5 2. Nf3 e6 3. d4 a6 4. c3 b6 5. Bd3 Bb7 6. O-O Qc7 7. Re1 d6 8. Bf4 Nd7
9. Nbd2 e5 10. Bg3 b5 11. a4 c4 12. Bf1 Ngf6 13. axb5 axb5 14. Rxa8+ Bxa8 15.
b3 b4 16. Qa1 Bb7 17. Bxc4 Nh5 18. Ng5 Nxg3 19. hxg3 Nb6 20. Bxf7+ Ke7 21. Bc4
Nxc4 22. Nxc4 h6 23. Nf3 exd4 24. cxd4 Kf7 25. e5 d5 26. e6+ Kf6 27. Nce5 Bd6
28. Qb1 Rf8 29. Nd7+ 1-0

[Event "1. liga V 18/19, Orlova-SM"]
[Site ""]
[Date "2019.02.17"]
[Round "8.1"]
[White "Mrazek, Lumir"]
[Black "Skalsky, Alexandr"]
[Result "1-0"]
[WhiteElo "2365"]
[BlackElo "2102"]
[PlyCount "0"]
[WhiteTeam "SK Slavia Orlova"]
[BlackTeam "SK Stare Mesto"]
[EventDate "2018.10.21"]

1. e4 c5 2. Ne2 Nc6 3. Nbc3 g6 4. g3 Bg7 5. Bg2 d6 6. O-O e5 7. a3 Be6 8. Rb1
Qd7 9. b4 Nf6 10. Nd5 h5 11. d3 h4 12. Bg5 Ng4 13. f3 f6 14. fxg4 fxg5 15. Qd2
O-O-O 16. bxc5 Bxg4 17. Nec3 Nd4 18. Rb2 hxg3 19. Rfb1 Nf3+ 20. Bxf3 Rxh2 21.
c6 Bxf3 22. cxd7+ Rxd7 23. Qxh2 gxh2+ 24. Kxh2 g4 25. Nb5 b6 26. Kg3 Bf8 27. c4
Rh7 28. Rh2 Bh6 29. Rbb2 Rh8 30. Nxd6+ Kd7 31. Nf7 Bf4+ 32. Nxf4 exf4+ 33. Kxf4
Rf8 34. Rh7 Ke6 35. Rf2 g5+ 36. Kg3 Kf6 37. Nh8 Rd8 38. e5+ Kf5 39. Rf7+ Kxe5
40. R7xf3 Rxh8 41. Kxg4 1-0

[Event "1. liga V 18/19, Orlova-SM"]
[Site ""]
[Date "2019.02.17"]
[Round "8.3"]
[White "Olsarova, Karolina"]
[Black "Sosna, Jan"]
[Result "1/2-1/2"]
[WhiteElo "2265"]
[BlackElo "2341"]
[PlyCount "0"]
[WhiteTeam "SK Slavia Orlova"]
[BlackTeam "SK Stare Mesto"]
[EventDate "2018.10.21"]

1. e4 e5 2. Nf3 Nc6 3. Bb5 Nf6 4. d3 Bc5 5. c3 O-O 6. O-O d6 7. h3 Ne7 8. Re1
Ng6 9. d4 Bb6 10. Nbd2 c6 11. Ba4 Re8 12. Bc2 h6 13. a4 Nh5 14. Nc4 Bc7 15.
Nfxe5 dxe5 16. Qxh5 exd4 17. Rd1 Be6 18. Rxd4 Qf6 19. Be3 Rad8 20. Rad1 Rxd4
21. Rxd4 Nf4 22. Bxf4 Qxf4 23. e5 Qc1+ 24. Qd1 Qxd1+ 25. Bxd1 Bxc4 1/2-1/2

[Event "1. liga V 18/19, Orlova-SM"]
[Site ""]
[Date "2019.02.17"]
[Round "8.4"]
[White "Zpevakova, Jana"]
[Black "Tomaszewski, Kacper"]
[Result "0-1"]
[WhiteElo "2076"]
[BlackElo "2311"]
[PlyCount "0"]
[WhiteTeam "SK Stare Mesto"]
[BlackTeam "SK Slavia Orlova"]
[EventDate "2018.10.21"]

1. d4 Nf6 2. c4 g6 3. Nc3 d5 4. cxd5 Nxd5 5. Na4 Nb6 6. e4 Bg7 7. Be3 O-O 8.
Nf3 Bg4 9. Nc5 Qc8 10. Qb3 Bxf3 11. gxf3 Nc6 12. e5 e6 13. h4 h5 14. O-O-O Rb8
15. Bd3 Nd5 16. Rdg1 Nce7 17. Kb1 b6 18. Ne4 Kh8 19. Ng3 Nxe3 20. fxe3 Bh6 21.
Be4 Qd8 22. Rd1 c6 23. f4 a5 24. Bc2 Qd5 25. Qd3 Qf3 26. Rdg1 Nd5 27. Nf1 Nb4
28. Qd2 Nxc2 29. Qxc2 c5 30. Rh2 cxd4 31. Rf2 Qd5 32. e4 Qb5 33. Ng3 Rbc8 34.
Qd1 d3 35. a4 Qc5 36. Rgf1 Rfd8 37. Rd2 Qc4 38. Rf3 Rd4 39. Rfxd3 Rxd3 40. Rxd3
Bxf4 41. Rc3 Qa6 42. Nxh5 Bxe5 43. Rd3 Qa8 44. Qf3 Qc6 45. Rb3 Qc1+ 46. Ka2 Rc2
0-1

[Event "1. liga V 18/19, Orlova-SM"]
[Site ""]
[Date "2019.02.17"]
[Round "8.5"]
[White "Zabystrzan, Pavel"]
[Black "Bazant, Petr"]
[Result "1/2-1/2"]
[WhiteElo "2232"]
[BlackElo "2242"]
[PlyCount "0"]
[WhiteTeam "SK Slavia Orlova"]
[BlackTeam "SK Stare Mesto"]
[EventDate "2018.10.21"]

1. Nf3 Nf6 2. g3 g6 3. b3 Bg7 4. Bb2 O-O 5. Bg2 d5 6. c4 c6 7. O-O Bf5 8. d3
Qc8 9. Nbd2 Bh3 10. Rc1 Bxg2 1/2-1/2

[Event "1. liga V 18/19, Orlova-SM"]
[Site ""]
[Date "2019.02.17"]
[Round "8.6"]
[White "Horsak, Jan"]
[Black "Lojek, Marek"]
[Result "0-1"]
[WhiteElo "2052"]
[BlackElo "2202"]
[PlyCount "0"]
[WhiteTeam "SK Stare Mesto"]
[BlackTeam "SK Slavia Orlova"]
[EventDate "2018.10.21"]

1. c4 Nf6 2. g3 c5 3. Bg2 Nc6 4. Nc3 g6 5. d3 Bg7 6. Bg5 h6 7. Bxf6 Bxf6 8. Qd2
d6 9. h4 h5 10. Nh3 Bd7 11. O-O Qa5 12. Rab1 O-O 13. a3 Rab8 14. Nf4 Bxc3 15.
bxc3 Kh7 16. Be4 f5 17. Nxg6 fxe4 18. Nxf8+ Rxf8 19. Rxb7 Bc8 20. Rb5 Qd8 21.
dxe4 Ba6 22. Qd5 Qe8 23. f4 Bxb5 24. cxb5 Nd8 25. Rf3 Qf7 26. Qd3 c4 27. Qd4
Ne6 28. Qxa7 Nc5 29. e5 Qe6 30. b6 dxe5 31. b7 Qd6 32. fxe5 Qd1+ 33. Kf2 Nd3+
0-1

[Event "1. liga V 18/19, Orlova-SM"]
[Site ""]
[Date "2019.02.17"]
[Round "8.7"]
[White "Kubos, Rostislav"]
[Black "Babula, Vlastimil"]
[Result "1/2-1/2"]
[WhiteElo "2172"]
[BlackElo "2008"]
[PlyCount "0"]
[WhiteTeam "SK Slavia Orlova"]
[BlackTeam "SK Stare Mesto"]
[EventDate "2018.10.21"]

1. Nf3 Nf6 2. c4 g6 3. b3 Bg7 4. Bb2 c5 5. g3 Nc6 6. Bg2 d6 7. O-O O-O 8. Nc3
a6 9. d4 cxd4 10. Nxd4 Qb6 11. Na4 Qc7 12. c5 Nxd4 13. cxd6 Nxe2+ 14. Qxe2 exd6
15. Rac1 Qd8 16. Qd2 Rb8 17. Ba3 b5 18. Qxd6 Nd7 19. Nc5 Rb6 20. Qd2 Ne5 21.
Qxd8 Rxd8 22. Bb4 Nc6 23. Nxa6 Rxa6 24. Bxc6 Rxa2 25. Bxb5 Bh3 26. Rfd1 Rb8 27.
Bc5 Bb2 28. Rc2 Rxb5 29. Rxb2 Rxb2 30. Rd8+ Kg7 31. Bd4+ Kh6 32. Bxb2 Rxb3 33.
Bc1+ Kh5 34. Rd5+ f5 35. Rd1 g5 36. Re1 Kg4 37. Be3 f4 38. Bc5 h5 39. Ra1 h4
40. Bd6 hxg3 41. hxg3 f3 42. Ra4+ Kf5 43. g4+ Ke6 44. Kh2 Bg2 45. Ra6 Kd7 46.
Be5 Rb1 47. Ra1 Rb4 48. Bg3 Rxg4 49. Kg1 Kc6 50. Bb8 Rh4 51. Bh2 g4 52. Ra4
1/2-1/2

[Event "1. liga V 18/19, Orlova-SM"]
[Site ""]
[Date "2019.02.17"]
[Round "8.8"]
[White "Machacek, Lukas"]
[Black "Kostka, Vit"]
[Result "1/2-1/2"]
[WhiteElo "1665"]
[BlackElo "2143"]
[PlyCount "0"]
[WhiteTeam "SK Stare Mesto"]
[BlackTeam "SK Slavia Orlova"]
[EventDate "2018.10.21"]

1. e4 c5 2. c3 g6 3. d4 cxd4 4. cxd4 d5 5. e5 Bg7 6. Nf3 Nc6 7. Bb5 f6 8. Bf4
a6 9. Bxc6+ bxc6 10. O-O Qb6 11. Qd2 f5 12. Nc3 1/2-1/2

[Event "1. liga V 18/19, Polabiny-Ostrava"]
[Site ""]
[Date "2019.02.17"]
[Round "8.1"]
[White "Varejcko, Josef"]
[Black "Caletka, Radomir"]
[Result "1-0"]
[WhiteElo "2229"]
[BlackElo "2304"]
[PlyCount "0"]
[WhiteTeam "2222 SK Polabiny "C""]
[BlackTeam "TJ Ostrava"]
[EventDate "2018.10.21"]

1. d4 f5 2. h3 c5 3. c3 b6 4. dxc5 bxc5 5. Qd5 Nc6 6. Qxf5 e6 7. Qc2 Nf6 8. e4
Be7 9. Nf3 Qc7 10. Be3 O-O 11. Nbd2 Bb7 12. Bd3 d5 13. exd5 exd5 14. O-O Bd6
15. Bg5 h6 16. Be3 Rad8 17. Bf5 Ne7 18. Be6+ Kh8 19. Nh4 d4 20. Bxh6 gxh6 21.
cxd4 cxd4 22. Qd3 Qa5 23. Rfe1 Qh5 24. g3 Bb4 25. Bb3 Nfg8 26. Rac1 Rd7 27. Re6
Bxd2 28. Qxd2 Qg5 29. Qc2 Rc8 30. Bc4 Rxc4 31. Qxc4 Nf6 32. Rce1 Kg7 33. Qd3
1-0

[Event "1. liga V 18/19, Polabiny-Ostrava"]
[Site ""]
[Date "2019.02.17"]
[Round "8.2"]
[White "Klima, Lukas"]
[Black "Jirasek, Pavel"]
[Result "1/2-1/2"]
[WhiteElo "2339"]
[BlackElo "2269"]
[PlyCount "0"]
[WhiteTeam "TJ Ostrava"]
[BlackTeam "2222 SK Polabiny "C""]
[EventDate "2018.10.21"]

1. e4 c5 2. Nf3 Nc6 3. Bb5 g6 4. O-O Bg7 5. c3 Nf6 6. Re1 O-O 7. h3 d5 8. e5
Ne8 9. d4 Qb6 10. Bxc6 Qxc6 1/2-1/2

[Event "1. liga V 18/19, Polabiny-Ostrava"]
[Site ""]
[Date "2019.02.17"]
[Round "8.3"]
[White "Ludvik, Tomas"]
[Black "Malik, Jan"]
[Result "1/2-1/2"]
[WhiteElo "2124"]
[BlackElo "2300"]
[PlyCount "0"]
[WhiteTeam "2222 SK Polabiny "C""]
[BlackTeam "TJ Ostrava"]
[EventDate "2018.10.21"]

1. d4 d5 2. c4 e6 3. Nc3 c5 4. cxd5 cxd4 5. Qxd4 Nc6 6. Qd1 exd5 7. Qxd5 Bd7 8.
a3 Nf6 9. Qd1 Bc5 10. Nf3 Qe7 11. e3 O-O-O 12. Qc2 Kb8 13. Be2 Rhg8 14. b4 Bb6
15. Na4 Rc8 16. Nc5 g5 17. Bb2 Nd5 18. Rc1 Be6 19. Qb1 h5 20. Nd4 Bg4 21. Nf5
Bxf5 22. Qxf5 Rcd8 23. O-O g4 24. Rfd1 Rg5 25. Qh7 Nxe3 26. Rxd8+ Bxd8 27. fxe3
Qxe3+ 28. Kf1 Qf4+ 29. Ke1 Rd5 30. Nd3 Qxh2 31. Qe4 Bg5 32. Qxd5 Qg1+ 33. Bf1
Qe3+ 34. Be2 Qg1+ 1/2-1/2

[Event "1. liga V 18/19, Polabiny-Ostrava"]
[Site ""]
[Date "2019.02.17"]
[Round "8.4"]
[White "Michenka, Jozef"]
[Black "Cerny, David"]
[Result "1-0"]
[WhiteElo "2273"]
[BlackElo "2110"]
[PlyCount "0"]
[WhiteTeam "TJ Ostrava"]
[BlackTeam "2222 SK Polabiny "C""]
[EventDate "2018.10.21"]

1. d4 Nf6 2. c4 c5 3. e3 g6 4. Nc3 Bg7 5. Nf3 O-O 6. Be2 d6 7. O-O Nc6 8. d5
Na5 9. h3 a6 10. e4 Bd7 11. Re1 Rb8 12. e5 Ne8 13. Bf4 b5 14. cxb5 Bxb5 15. Rc1
Qb6 16. b3 Nc7 17. Ne4 Bxe2 18. Rxe2 Rbd8 19. Be3 Nb7 20. exd6 exd6 21. Bg5 f6
22. Bf4 Nb5 23. Qd3 Rd7 24. Ned2 Nd8 25. Nc4 Qb8 26. Rb1 Nf7 27. a4 Nc7 28. Na5
Ne5 29. Bxe5 fxe5 30. Ng5 Qd8 31. Ne4 Ne8 32. Qxa6 Qh4 33. Qd3 Rdf7 34. Nc4 Bh6
35. Rf1 Ng7 36. Nexd6 Rf3 37. Qe4 R8f4 38. Qxe5 Rxh3 39. gxh3 Qxh3 40. f3 Nh5
41. Qe6+ 1-0

[Event "1. liga V 18/19, Polabiny-Ostrava"]
[Site ""]
[Date "2019.02.17"]
[Round "8.6"]
[White "Splichal, Stanislav"]
[Black "Gloser, David"]
[Result "0-1"]
[WhiteElo "2158"]
[BlackElo "2160"]
[PlyCount "0"]
[WhiteTeam "TJ Ostrava"]
[BlackTeam "2222 SK Polabiny "C""]
[EventDate "2018.10.21"]

1. d4 d5 2. c4 e6 3. Nc3 a6 4. cxd5 exd5 5. Bf4 c6 6. e3 Bd6 7. Bg3 Ne7 8. Nf3
O-O 9. Be2 Bg4 10. O-O Bxg3 11. hxg3 Nd7 12. Rc1 Nc8 13. Na4 Nd6 14. Nc5 Nxc5
15. dxc5 Ne4 16. Qd4 Re8 17. b4 Re6 18. Rfe1 f5 19. Bd3 Qe8 20. Kf1 Qh5 21. Ke2
Qh2 22. Rg1 Bxf3+ 0-1

[Event "1. liga V 18/19, Polabiny-Ostrava"]
[Site ""]
[Date "2019.02.17"]
[Round "8.7"]
[White "Mojzis, Jaroslav"]
[Black "Hladik, Oto"]
[Result "0-1"]
[WhiteElo "2104"]
[BlackElo "2136"]
[PlyCount "0"]
[WhiteTeam "2222 SK Polabiny "C""]
[BlackTeam "TJ Ostrava"]
[EventDate "2018.10.21"]

1. Nf3 Nf6 2. c4 g6 3. Nc3 Bg7 4. g3 O-O 5. Bg2 d6 6. d4 Nc6 7. d5 Na5 8. Nd2
c5 9. Qc2 e6 10. O-O Rb8 11. b3 a6 12. Bb2 e5 13. Rae1 b5 14. f4 bxc4 15. bxc4
Ng4 16. Nd1 Rxb2 17. Qxb2 exf4 18. Qa3 Bd4+ 19. Kh1 fxg3 20. h3 Nf2+ 21. Nxf2
Bxf2 22. Rc1 Re8 23. Ne4 Rxe4 24. Bxe4 Qh4 25. Bg2 Bxh3 26. Rxf2 Bxg2+ 27. Kxg2
Qh2+ 28. Kf3 Qxf2+ 29. Ke4 Qxe2+ 30. Qe3 f5+ 0-1

[Event "1. liga V 18/19, Polabiny-Ostrava"]
[Site ""]
[Date "2019.02.17"]
[Round "8.8"]
[White "Neuschl, Zdenek"]
[Black "Kourek, Josef"]
[Result "1-0"]
[WhiteElo "2113"]
[BlackElo "2111"]
[PlyCount "0"]
[WhiteTeam "TJ Ostrava"]
[BlackTeam "2222 SK Polabiny "C""]
[EventDate "2018.10.21"]

1. d4 Nf6 2. Nf3 g6 3. Bf4 Bg7 4. e3 d6 5. h3 O-O 6. Be2 Nbd7 7. O-O c5 8. c3
b6 9. Nbd2 Bb7 10. a4 a6 11. Qb1 Nd5 12. Bh2 Bh6 13. Re1 N7f6 14. Bf1 Qd7 15.
Nc4 b5 16. Na5 c4 17. Nxb7 Qxb7 18. e4 Nf4 19. g4 Ne6 20. Bg2 Bf4 21. Bg3 Bxg3
22. fxg3 Qb6 23. Kh2 Rab8 24. a5 Qc7 25. Qc1 Kg7 26. e5 dxe5 27. Nxe5 Rbd8 28.
Qe3 Nd5 29. Qd2 Qd6 30. Re2 Nec7 31. Rae1 e6 32. g5 b4 33. Rf2 bxc3 34. bxc3
Nb5 35. Ref1 Rd7 36. Nxd7 Qxd7 37. Bxd5 Qxd5 38. Qe3 Nd6 39. Re1 Qxa5 40. Qf4
Qc7 41. Rxe6 1-0

[Event "1. liga V 18/19, Kromeriz-Litovel"]
[Site ""]
[Date "2019.02.17"]
[Round "8.1"]
[White "Malinovsky, Karel"]
[Black "Belunek, Vladimir"]
[Result "1-0"]
[WhiteElo "2459"]
[BlackElo "2211"]
[PlyCount "0"]
[WhiteTeam "Slavia Kromeriz"]
[BlackTeam "TJ Tatran Litovel"]
[EventDate "2018.10.21"]

1. e4 e5 2. Nf3 Nc6 3. Bb5 a6 4. Ba4 Nf6 5. O-O Be7 6. Re1 b5 7. Bb3 d6 8. c3
O-O 9. h3 Bb7 10. d4 Re8 11. Nbd2 Bf8 12. a4 Nb8 13. axb5 axb5 14. Rxa8 Bxa8
15. dxe5 dxe5 16. Bxf7+ Kxf7 17. Qb3+ Nd5 18. Nf1 h6 19. Ne3 c6 20. exd5 cxd5
21. Rd1 Ke6 22. Qxb5 Qd7 23. Qe2 e4 24. Nxd5 Bxd5 25. c4 Kf7 26. Rxd5 Qc7 27.
Nd4 Nd7 28. Bf4 Qc8 29. Nf5 Nb6 30. Nd6+ Bxd6 31. Rxd6 Nxc4 32. Rd4 e3 33. Rxc4
exf2+ 34. Kf1 Qf5 35. Rc7+ 1-0

[Event "1. liga V 18/19, Kromeriz-Litovel"]
[Site ""]
[Date "2019.02.17"]
[Round "8.2"]
[White "Vanek, Ladislav"]
[Black "Lanc, Alois"]
[Result "1/2-1/2"]
[WhiteElo "2263"]
[BlackElo "2286"]
[PlyCount "0"]
[WhiteTeam "TJ Tatran Litovel"]
[BlackTeam "Slavia Kromeriz"]
[EventDate "2018.10.21"]

1. d4 d6 2. Nf3 Nd7 3. c4 e5 4. Nc3 Ngf6 5. e4 Be7 6. Be2 O-O 7. O-O c6 8. d5
cxd5 9. cxd5 Nc5 10. Qc2 a5 11. Be3 b6 12. Nd2 Ne8 13. a3 f5 14. f3 Bg5 15.
Bxg5 Qxg5 16. b4 Nd7 17. Bb5 Ndf6 18. Nc4 Bd7 19. Bc6 Bxc6 20. dxc6 fxe4 21.
Nxb6 Ra7 22. Qb3+ Kh8 23. Nb5 Raf7 24. fxe4 Qh4 25. h3 Qxe4 26. Nd7 Qxc6 27.
Nxf8 Rxf8 28. bxa5 Qa6 29. Qb4 Rf7 30. Rac1 h6 31. a4 Re7 32. Rfd1 Rd7 33. Qc3
Kh7 34. Kh2 e4 35. Qc6 Qxa5 36. Kh1 Qxa4 37. Rd4 Qb3 38. Rxe4 Qf7 39. Rd4 d5
40. Rcd1 Qg6 41. Qe6 Nc7 42. Nxc7 1/2-1/2

[Event "1. liga V 18/19, Kromeriz-Litovel"]
[Site ""]
[Date "2019.02.17"]
[Round "8.3"]
[White "Dvorak, Martin"]
[Black "Pan, Vladimir"]
[Result "1-0"]
[WhiteElo "2163"]
[BlackElo "2034"]
[PlyCount "0"]
[WhiteTeam "Slavia Kromeriz"]
[BlackTeam "TJ Tatran Litovel"]
[EventDate "2018.10.21"]

1. e4 c5 2. Nf3 d6 3. d4 cxd4 4. Nxd4 Nf6 5. Nc3 a6 6. Be2 e6 7. Be3 Qc7 8. a4
b6 9. g4 Bb7 10. Bf3 Nc6 11. g5 Nd7 12. Bg2 Nde5 13. Qe2 Nxd4 14. Bxd4 Nc6 15.
Be3 Be7 16. O-O O-O 17. Qc4 Rac8 18. f4 Bd8 19. Rad1 Na5 20. Qxc7 Bxc7 21. f5
Nc4 22. Bc1 Rfe8 23. Kh1 b5 24. axb5 Ba5 25. Ne2 exf5 26. Rxf5 axb5 27. Ng3 Ne5
28. Rf2 Bb6 29. Re2 Ng4 30. Rf1 b4 31. Bh3 Ne5 32. Bxc8 Bxc8 33. Rd1 Bc5 34.
Nf5 d5 1-0

[Event "1. liga V 18/19, Kromeriz-Litovel"]
[Site ""]
[Date "2019.02.17"]
[Round "8.4"]
[White "Strasil, Pavel"]
[Black "Pastircak, Milan"]
[Result "1/2-1/2"]
[WhiteElo "2038"]
[BlackElo "2282"]
[PlyCount "0"]
[WhiteTeam "TJ Tatran Litovel"]
[BlackTeam "Slavia Kromeriz"]
[EventDate "2018.10.21"]

1. d4 Nf6 2. c4 c5 3. Nf3 cxd4 4. Nxd4 e6 5. e3 Be7 6. Nc3 O-O 7. Be2 Nc6 8.
O-O Nxd4 9. Qxd4 d5 10. cxd5 Nxd5 11. Nxd5 Qxd5 12. Qxd5 exd5 13. Rd1 Be6 14.
b3 Rfc8 1/2-1/2

[Event "1. liga V 18/19, Kromeriz-Litovel"]
[Site ""]
[Date "2019.02.17"]
[Round "8.5"]
[White "Mudrak, Josef"]
[Black "Mohapl, Petr"]
[Result "1/2-1/2"]
[WhiteElo "2263"]
[BlackElo "2046"]
[PlyCount "0"]
[WhiteTeam "Slavia Kromeriz"]
[BlackTeam "TJ Tatran Litovel"]
[EventDate "2018.10.21"]

1. d4 Nf6 2. Nf3 e6 3. g3 c5 4. Bg2 cxd4 5. Nxd4 d5 6.
O-O e5 7. Nf3 Nc6 8. c4 d4 9. Qa4 Bd7 10. a3 Be7 11. Qc2 a5 12. e3 O-O 13. exd4
exd4 14. b3 Qc8 15. Bb2 Bf5 16. Qc1 Bc5 17. Nh4 Bh3 18. Qg5 Re8 19. Bxh3 Qxh3
20. Nf5 g6 21. Qxf6 Qxf5 22. Qxf5 gxf5 1/2-1/2

[Event "1. liga V 18/19, Kromeriz-Litovel"]
[Site ""]
[Date "2019.02.17"]
[Round "8.6"]
[White "Krejci, Jan"]
[Black "Kapusta, Petr"]
[Result "1/2-1/2"]
[WhiteElo "2100"]
[BlackElo "2184"]
[PlyCount "0"]
[WhiteTeam "TJ Tatran Litovel"]
[BlackTeam "Slavia Kromeriz"]
[EventDate "2018.10.21"]

1. Nf3 Nf6 2. c4 g6 3. b3 Bg7 4. Bb2 O-O 5. g3 d6 6. d4 Nc6 7. Bg2 a6 8. O-O
Rb8 9. a4 b5 10. axb5 axb5 11. d5 Nb4 12. Bc3 bxc4 13. bxc4 c5 14. Nbd2 Bf5 15.
Ra7 Re8 16. Qa4 Qc8 17. Qa5 Bh3 18. Rb1 Bxg2 19. Kxg2 Nc2 20. Qa2 Nb4 21. Qa4
e6 22. Bxb4 cxb4 23. dxe6 Qxe6 24. Nd4 Qg4 25. e3 Qh5 26. Rxb4 Ng4 27. N4f3 Qf5
28. Rbb7 Rf8 29. Qb5 Qxb5 30. cxb5 Nf6 31. Ng5 d5 32. Nb3 h6 33. Nf3 Ne4 34.
Nfd4 Nd6 35. Rxb8 Rxb8 36. Rd7 Nxb5 37. Nc6 Rb6 38. Ne7+ Kh7 39. Nxd5 Rd6 40.
Rxd6 Nxd6 41. Kf3 Be5 42. Nc5 f5 43. Nd7 Bg7 44. Ke2 Ne4 45. f3 Ng5 46. Nf4 Nf7
47. Nb6 Ne5 48. Nbd5 Nc6 49. Ne6 Be5 50. Kd3 Bg7 51. Nb6 Ne5+ 52. Ke2 Nc6 53.
Nc4 1/2-1/2

[Event "1. liga V 18/19, Kromeriz-Litovel"]
[Site ""]
[Date "2019.02.17"]
[Round "8.7"]
[White "Karlik, Vladimir"]
[Black "Neoral, Antonin"]
[Result "1/2-1/2"]
[WhiteElo "2142"]
[BlackElo "2115"]
[PlyCount "0"]
[WhiteTeam "Slavia Kromeriz"]
[BlackTeam "TJ Tatran Litovel"]
[EventDate "2018.10.21"]

1. e4 c5 2. Nc3 a6 3. g3 Nc6 4. Bg2 g6 5. f4 d6 6. Nf3 Bg7 7. O-O e6 8. d3 Nge7
9. Be3 Nd4 10. Rb1 O-O 11. Ne2 Nxf3+ 12. Bxf3 Bd7 13. Qd2 Qc7 14. b4 b6 15. c3
Rab8 16. Rfc1 f5 17. exf5 gxf5 18. Bf2 Kh8 19. d4 1/2-1/2

[Event "1. liga V 18/19, Kromeriz-Litovel"]
[Site ""]
[Date "2019.02.17"]
[Round "8.8"]
[White "Gerych, Jan"]
[Black "Cagasik, Tomas"]
[Result "1/2-1/2"]
[WhiteElo "2004"]
[BlackElo "2167"]
[PlyCount "0"]
[WhiteTeam "TJ Tatran Litovel"]
[BlackTeam "Slavia Kromeriz"]
[EventDate "2018.10.21"]

1. e4 b6 2. d4 Bb7 3. Bd3 Nf6 4. Qe2 Nc6 5. c3 e5 6. d5 Ne7 7. Nh3 Ng6 8. O-O
Be7 9. Be3 O-O 10. Nd2 d6 11. Ba6 Bxa6 12. Qxa6 Ng4 13. Qe2 Qd7 14. f3 Nxe3 15.
Qxe3 f5 16. exf5 Rxf5 17. Ne4 Rh5 18. Nhf2 Rf8 19. c4 Nh4 20. Nd3 Nxg2 21. Kxg2
Qh3+ 22. Kf2 Qxh2+ 23. Ke1 Qc2 24. Rc1 Bh4+ 25. Nef2 Qa4 26. Rg1 Qxa2 27. Ke2
Bxf2 28. Kxf2 Qa4 29. Qe4 Qd7 30. Rh1 Qf5 31. Ke2 Qxe4+ 32. fxe4 Rxh1 33. Rxh1
a5 34. Rf1 Rb8 35. Kd2 h5 36. b3 g6 37. Ke3 Kg7 38. Kf3 b5 39. Ra1 bxc4 40.
bxc4 Rb3 41. Ke2 Rc3 42. c5 Rc4 1/2-1/2

[Event "1. liga V 18/19, Litovel-Jundrov"]
[Site ""]
[Date "2019.03.03"]
[Round "9.1"]
[White "Krejci, Jan"]
[Black "Bures, Jaroslav"]
[Result "1-0"]
[WhiteElo "2570"]
[BlackElo "2391"]
[PlyCount "0"]
[WhiteTeam "TJ Tatran Litovel"]
[BlackTeam "Jezdci Jundrov"]
[EventDate "2018.10.21"]

1. c4 c6 2. Nf3 d5 3. e3 e6 4. b3 Nd7 5. Bb2 f5 6. Qc2 Ngf6 7. cxd5 exd5 8.
Qxf5 Be7 9. Qc2 O-O 10. Be2 Ne4 11. Nc3 Ndf6 12. Nxe4 Nxe4 13. O-O Bd6 14. d3
Ng5 15. Ne5 Qe7 16. f4 Nf7 17. d4 Bf5 18. Bd3 Bxd3 19. Qxd3 Bb4 20. Rf3 Nd6 21.
a3 Ba5 22. Bc3 Bxc3 23. Qxc3 Ne4 24. Qb2 a5 25. Rff1 Ra6 26. b4 Rb6 27. Rfb1
Ra8 28. Qc1 axb4 29. axb4 Rxa1 30. Rxa1 g6 31. Nd3 Nd6 32. g3 Nc4 33. Kf2 Qe4
34. Nc5 Qf5 35. Ra4 Nd6 36. Qd1 Ne4+ 37. Nxe4 Qxe4 38. Qc1 Rb5 39. Kg1 Kf7 40.
Qe1 Qe7 41. g4 Qe6 42. h3 Qe7 43. Kh2 Kg7 44. g5 Rb6 45. Qh4 Ra6 46. Rxa6 bxa6
47. Qe1 h6 48. gxh6+ Kxh6 49. Kg3 Qe4 50. Kf2 Qc2+ 51. Qe2 Qb1 52. Qxa6 Qxb4
53. Qe2 Qb1 54. Qg4 Qc2+ 55. Kg3 Qc1 56. Qg5+ Kh7 57. f5 gxf5 58. Qxf5+ Kg7 59.
Kf4 Qh1 60. Ke5 Qc1 61. Qg5+ Kf7 62. h4 c5 63. Qf6+ Kg8 64. Kxd5 cxd4 65. exd4
Qb2 66. Kc6 Qc3+ 67. Kd7 Kh7 68. Qf5+ Kh6 69. Qg5+ Kh7 70. d5 Qb3 71. d6 Qb7+
72. Ke8 Qc8+ 73. Ke7 Qb7+ 74. Kf6 Qb2+ 75. Qe5 1-0

[Event "1. liga V 18/19, Litovel-Jundrov"]
[Site ""]
[Date "2019.03.03"]
[Round "9.2"]
[White "Buchnicek, Petr"]
[Black "Belunek, Vladimir"]
[Result "1/2-1/2"]
[WhiteElo "2303"]
[BlackElo "2205"]
[PlyCount "0"]
[WhiteTeam "Jezdci Jundrov"]
[BlackTeam "TJ Tatran Litovel"]
[EventDate "2018.10.21"]

1. e4 e5 2. Bc4 Nf6 3. d3 c6 4. Nf3 Be7 5.
Nbd2 d6 6. h3 Nbd7 7. Bb3 Nc5 8. Nf1 O-O 9. g4 a5 10. c3 Nxb3 11. axb3 d5 12.
Nxe5 dxe4 13. g5 Nd7 14. Nxd7 Qxd7 15. dxe4 Qe6 16. Qc2 f5 17. gxf6 Bxf6 18.
Be3 b5 19. O-O-O a4 20. Nd2 Be5 21. Kb1 Qf7 22. bxa4 bxa4 23. f4 Bxf4 24. Bxf4
Qxf4 25. Rhf1 Qg3 26. Rxf8+ Kxf8 27. Nf1 Qh4 28. Qd3 Bxh3 29. Ne3 Re8 30. Rh1
Qg3 31. Qd4 Kg8 32. Qc4+ Kh8 33. Qxc6 Rc8 34. Qb6 Qf3 35. Rd1 Qxe4+ 36. Ka1 h6
37. Rd4 Qe8 38. Rh4 Bd7 39. Qd4 Kg8 40. Re4 Qf7 41. Rf4 Qe7 42. Re4 1/2-1/2

[Event "1. liga V 18/19, Litovel-Jundrov"]
[Site ""]
[Date "2019.03.03"]
[Round "9.3"]
[White "Vanek, Ladislav"]
[Black "Pisk, Petr"]
[Result "0-1"]
[WhiteElo "2253"]
[BlackElo "2328"]
[PlyCount "0"]
[WhiteTeam "TJ Tatran Litovel"]
[BlackTeam "Jezdci Jundrov"]
[EventDate "2018.10.21"]

1. d4 Nf6 2. c4 e6 3. Nc3 d5 4. cxd5 exd5 5. Bg5 Bb4 6. e3 h6 7. Bxf6 Qxf6 8.
a3 Bxc3+ 9. bxc3 O-O 10. Qb3 Qb6 11. Qc2 c5 12. Rb1 Qa5 13. Rb5 Qxa3 14. Rxc5
Be6 15. Rb5 Re8 16. Rb3 Qa1+ 17. Qd1 Qa5 18. Qc2 Bd7 19. Qb2 Ba4 20. Ra3 b5 21.
Bd3 Nc6 22. Bc2 Qb6 23. Bxa4 bxa4 24. Qa1 Reb8 25. Ne2 Qb1+ 26. Nc1 Qc2 27. Ra2
Qg6 28. Rxa4 Rb1 29. Qa3 Qd3 0-1

[Event "1. liga V 18/19, Litovel-Jundrov"]
[Site ""]
[Date "2019.03.03"]
[Round "9.4"]
[White "Musil, Jiri"]
[Black "Strasil, Pavel"]
[Result "1-0"]
[WhiteElo "2188"]
[BlackElo "2032"]
[PlyCount "0"]
[WhiteTeam "Jezdci Jundrov"]
[BlackTeam "TJ Tatran Litovel"]
[EventDate "2018.10.21"]

1. d4 Nf6 2. c4 e6 3. Nf3 d5 4. e3 c5 5. Nc3 Nc6 6. a3 Ne4 7. Bd3 Nxc3 8. bxc3
dxc4 9. Bxc4 Be7 10. O-O O-O 11. e4 cxd4 12. cxd4 b6 13. Bb2 Bb7 14. Qe2 Na5
15. Ba2 Rc8 16. Rfd1 Bf6 17. d5 exd5 18. Bxd5 Bxd5 19. Rxd5 Qe7 20. e5 Nc4 21.
Re1 Nxb2 22. Qxb2 Bg5 23. h4 Bh6 24. Red1 Rfd8 25. a4 Rxd5 26. Rxd5 Rd8 27. Qd4
1-0

[Event "1. liga V 18/19, Litovel-Jundrov"]
[Site ""]
[Date "2019.03.03"]
[Round "9.5"]
[White "Krejci, Jan"]
[Black "Hosek, Martin"]
[Result "0-1"]
[WhiteElo "2103"]
[BlackElo "2149"]
[PlyCount "0"]
[WhiteTeam "TJ Tatran Litovel"]
[BlackTeam "Jezdci Jundrov"]
[EventDate "2018.10.21"]

1. Nf3 Nf6 2. c4 g6 3. b3 Bg7 4. Bb2 c5 5. g3 Nc6
6. Bg2 d6 7. d4 cxd4 8. Nxd4 Bd7 9. O-O O-O 10. Nc3 a6 11. Nd5 Nxd5 12. cxd5
Nxd4 13. Bxd4 Qa5 14. Bxg7 Kxg7 15. Qd4+ Kg8 16. b4 Qa4 17. Qb6 Rfc8 18. Rfc1
Qb5 19. Qe3 Kf8 20. Qh6+ Kg8 21. Qd2 a5 22. bxa5 Qxa5 23. Qe3 Kf8 24. h4 Rc5
25. h5 Rac8 26. Rxc5 Qxc5 27. Qh6+ Kg8 28. Bf3 Qc3 29. Rb1 b5 30. Kg2 Qg7 31.
Qe3 Qe5 32. Qa7 Be8 33. hxg6 hxg6 34. Rb3 Kf8 35. Re3 Qf6 36. Bg4 Rc1 37. Qb8
Qh8 38. Bh3 Qa1 39. Re4 Rg1+ 40. Kf3 Qf6+ 41. Rf4 Qe5 42. Be6 f5 43. Qc8 Re1
44. Qc2 Bf7 45. Bxf7 Kxf7 46. Qd3 Rc1 47. Qxb5 g5 48. Ra4 g4+ 49. Kg2 Qh8 0-1